| 000 | 00648nam a22002417a 4500 | ||
|---|---|---|---|
| 003 | CHAP | ||
| 005 | 20220329135002.0 | ||
| 008 | 971013s ca r 00010 eng d | ||
| 010 | _a29086 | ||
| 011 | _a30058 | ||
| 035 | _a34170 | ||
| 040 | _cCHAP | ||
| 090 | _aR-911 | ||
| 100 | 0 | 0 |
_aMcLean, H. _973677 |
| 245 | 1 | _aBark extracts... in adhesives | |
| 500 | _aSobretiro de: Pulp Paper Magazine of Canada. August 1952 | ||
| 590 |
_aBATCH-UPD _b10 _c20130110 _lUCH01 _h1404 |
||
| 590 |
_aCONVERSION _b10 _c20130109 _lUCH01 _h1317 |
||
| 650 | 1 | 4 |
_aCorteza. _928309 |
| 901 | _aBK | ||
| 942 | _cREIMP | ||
| 949 |
_aR-911 _bBC _cR _d-79231 _eTS1 _i34170 _si |
||
| 999 |
_c29086 _d29086 |
||